Online
Catalog

Guía ''Desde el actor hacia el personaje'' / (Record no. 60818)

MARC details
000 -CABECERA
campo de control de longitud fija 01833nam a2200265 i 4500
003 - IDENTIFICADOR DEL NÚMERO DE CONTROL
campo de control DO-SdBNP
005 - FECHA Y HORA DE LA ÚLTIMA TRANSACCIÓN
campo de control 20260525123908.0
007 - CAMPO FIJO DE DESCRIPCIÓN FÍSICA--INFORMACIÓN GENERAL
campo de control de longitud fija ta
008 - DATOS DE LONGITUD FIJA--INFORMACIÓN GENERAL
campo de control de longitud fija 260525e2025 dr ||||gr|||||||| |bspa d
020 ## - NÚMERO INTERNACIONAL ESTÁNDAR DEL LIBRO
Número Internacional Estándar del Libro 9789945951417.
040 ## - FUENTE DE LA CATALOGACIÓN
Centro catalogador/agencia de origen DO-SdBNP
Lengua de catalogación spa
Centro/agencia transcriptor BNPHU
Normas de descripción rda
041 ## - CÓDIGO DE LENGUA
Código de lengua del texto/banda sonora o título independiente spa
082 ## - NÚMERO DE LA CLASIFICACIÓN DECIMAL DEWEY
Número de documento/Ítem M538g 2025
Número de edición 22
100 ## - ENTRADA PRINCIPAL--NOMBRE DE PERSONA
Nombre de persona Méndez, Pachy
9 (RLIN) 89724
Término indicativo de función/relación autor
245 ## - MENCIÓN DE TÍTULO
Título Guía ''Desde el actor hacia el personaje'' /
Mención de responsabilidad, etc. Pachy Méndez.
264 ## - PRODUCCIÓN, PUBLICACIÓN, DISTRIBUCIÓN, FABRICACIÓN Y COPYRIGHT
Producción, publicación, distribución, fabricación y copyright Santo Domingo, República Dominicana :
Nombre del de productor, editor, distribuidor, fabricante Editora Poetas De La Era,
Fecha de producción, publicación, distribución, fabricación o copyright 2025.
300 ## - DESCRIPCIÓN FÍSICA
Extensión 161 páginas ;
Dimensiones 23.5 cm.
336 ## - TIPO DE CONTENIDO
Término de tipo de contenido texto
Código de tipo de contenido txt
Fuente rdacontent
337 ## - TIPO DE MEDIO
Nombre/término del tipo de medio sin mediación
Código del tipo de medio n
Fuente rdamedia
338 ## - TIPO DE SOPORTE
Nombre/término del tipo de soporte volumen
Código del tipo de soporte nc
Fuente rdacarrier
500 ## - NOTA GENERAL
Nota general Pachy Méndez es actriz dominicana con más de tres décadas de trayectoria escénica. A lo largo de su carrera ha desarrollado herramientas prácticas que nacen de la experiencia vivida en escena, con el objetivo de fortalecer el oficio actoral desde adentro. Esta guía es el resultado de ese recorrido y de un deseo profundo: compartir lo aprendido para acompañar y empoderar a quienes eligen este camino.<br/>
520 ## - SUMARIO, ETC.
Sumario, etc. ¿Cómo se convierte un actor en un personaje que respira, siente y transforma?<br/>Esta guía no ofrece fórmulas mágicas ni atajos vacíos. Ofrece experiencia viva. Con más de 30 años de experiencia en el oficio, la autora comparte herramientas, errores, aciertos y verdades que todo actor—joven o veterano—necesita escuchar. Desde el actor hacia el personaje es una invitación sincera a mirar el arte de actuar con profundidad, entrega y honestidad. Desde la preparación del cuerpo, el casting, el trabajo de investigación hasta el marketing del actor, esta guía recorre cada etapa con claridad, humanidad y visión práctica.
650 #0 - PUNTO DE ACCESO ADICIONAL DE MATERIA--TÉRMINO DE MATERIA
Término de materia o nombre geográfico como elemento de entrada Teatro dominicano
9 (RLIN) 80280
Subdivisión de forma Guía
942 ## - ELEMENTOS DE PUNTO DE ACCESO ADICIONAL (KOHA)
Fuente del sistema de clasificación o colocación Dewey Decimal Classification
Tipo de ítem Koha Libro
Holdings
Estado de retiro Estado de pérdida Fuente del sistema de clasificación o colocación Restricciones de uso No para préstamo Código de colección Localización permanente Ubicación/localización actual Ubicación en estantería Fecha de adquisición Total de préstamos Signatura topográfica completa Código de barras Fecha visto por última vez Precio válido a partir de Tipo de ítem Koha Número de copia
    Dewey Decimal Classification Préstamo en sala   Patrimonio Dominicano Biblioteca Nacional Pedro Henríquez Ureña Biblioteca Nacional Pedro Henríquez Ureña En catalogación 25.05.2026   M538g 2025 2026-4503 25.05.2026 25.05.2026 Libro  
    Dewey Decimal Classification Préstamo en sala   Patrimonio Dominicano Biblioteca Nacional Pedro Henríquez Ureña Biblioteca Nacional Pedro Henríquez Ureña En catalogación 25.05.2026   M538g 2025 2026-4504 25.05.2026 25.05.2026 Libro e.2
    Dewey Decimal Classification Préstamo en sala   Patrimonio Dominicano Biblioteca Nacional Pedro Henríquez Ureña Biblioteca Nacional Pedro Henríquez Ureña En catalogación 25.05.2026   M538g 2025 2026-4505 25.05.2026 25.05.2026 Libro e.3

Powered by Koha